Statistiken für Quiz: Gerichte #1

Klicken Sie hier um das Quiz zu spielen!

Allgemein

  • Dieses Quiz wurde 420 mal gespielt
  • Das Durchschnittsergebnis liegt bei 4 aus 10

Antwortstatistiken

ZutatenGericht% Korrekt
Toast + Kochschinken + Ananas + KäseToast Hawaii
96%
Weizenbrötchen + Brühwürstchen + Saucen + Röstzwiebeln + EssiggurkenHotdog
82%
Löffelbiskuit + Mascarpone + Eigelb + Zucker + Espresso + KakaopulverTiramisu
76%
Pasta + Guanciale + Ei + Pecorino + PfefferCarbonara
53%
Brot + Schinken + SpiegeleiStrammer Max
45%
Eigelb + Olivenöl + Zitronensaft + Worcestershiresauce + Salz + Pfeffer + Dijonsenf + Parmesan + Römersalat + CroûtonsCaesar Salad
25%
Auberginen + Zwiebeln + Zucchini + Tomaten + Paprika + Knoblauch + OlivenölRatatouille
25%
Hackfleisch + Sardellen + Zwiebeln + eingeweichtes Weißbrot + Ei + Fleischbrühe + Lorbeerblatt + Piment + KapernKönigsberger Klopse
19%
Apfel + Zucker + Zimt + Rosinen + Mandeln + VanillesauceBratapfel
15%
Mehl + Salz + Zucker + Hefe + Wasser + San-Marzano-Tomaten + Fior di latte + Basilikum + OlivenölPizza Margherita
8%

Verteilung der Resultate

Perzentil nach korrekt beantworteten Fragen

Anzahl Personen mit jedem Resultat

Ihre Resultats-Entwicklung

Sie haben dieses Quiz noch nicht gespielt